Gares de la Petite Ceinture - Statistiques

Statistiques générales
  • Ce quiz a été pris 16 fois
  • Le résultat moyen est 12 sur 30
Statistiques - réponses
Arrondissements Gares % Correct
17 Neuilly Porte Maillot
67%
16 Passy la Muette
67%
16 Auteuil-Boulogne
58%
17 Avenue de Clichy
58%
17 Courcelles-Levallois
58%
18 La Chapelle-Saint-Denis
58%
12 La Rapée-Bercy
58%
18 Avenue de Saint Ouen
50%
16 Avenue Henri-Martin
50%
20 Cours de Vincennes
50%
14 Montrouge-Ceinture
50%
17 Batignolles
42%
19 Belleville-Villette
42%
20 Charonne
42%
19 Est-Ceinture
42%
13 Orléans-Ceinture
42%
14 Ouest-Ceinture
42%
16 Point du Jour
33%
20 Rue d'Avron
33%
15 Vaugirard
33%
12 Bel-Air Ceinture
25%
18 Boulevard Ornano
25%
17 Courcelles-Ceinture
25%
20 Ménilmontant
25%
13 Parc de Montsouris
25%
19 Pont de Flandre
25%
16 Avenue du Bois de Boulogne
17%
13 La Maison-Blanche
17%
12 Rue Claude Decaen
17%
15 Grenelles
8%
Aucun quiz correspondant
Distribution des résultats
% des personnes avec chaque résultat
Percentile par nombre de réponses
Votre historique - résultats
Vous n’avez pas pris ce quiz